The Office (US) Ultimate Character Quiz - Statistics

General Stats
  • This quiz has been taken 157 times
  • The average score is 27 of 67
Answer Stats
Answer % Correct
Jim Halpert
97%
Michael Scott
97%
Dwight Schrute
91%
Pam Beesly
91%
Creed Bratton
82%
Ryan Howard
82%
Angela Martin
80%
Kevin Malone
80%
Meredith Palmer
80%
Stanley Hudson
80%
Kelly Kapoor
79%
Oscar Martinez
79%
Phyllis Vance
79%
Andy Bernard
78%
Toby Flenderson
78%
Bob Vance
77%
David Wallace
75%
Jan Levinson
74%
Darryl Philbin
70%
Robert California
70%
Holly Flax
67%
Erin Hannon
64%
Mose Schrute
58%
Gabe Lewis
55%
Karen Filipelli
55%
Jo Bennett
54%
Todd Packer
52%
Roy Anderson
50%
Helene Beesly
47%
Cece Halpert
46%
Phillip Halpert
41%
Deangelo Vickers
36%
Charles Miner
35%
Nellie Bertram
35%
Robert Lipton
35%
Phillip Schrute
34%
Ed Truck
26%
Jake Palmer
25%
Tom Halpert
25%
Pete Halpert
24%
Sasha Flenderson
23%
Teri Hudson
22%
Carol Stills
21%
Melissa Hudson
21%
Sylvia Beesly
20%
William Beesly
20%
Danny Cordray
19%
Clark Green
18%
Pete Miller
18%
Josh Porter
13%
Cathy Simms
8%
Martin Nash
7%
Tony Gardener
7%
Nate Nickerson
5%
Devon White
4%
Katy Moore
4%
Donna Newton
3%
Hannah Smoterich-Barr
3%
Billy Merchant
2%
Hank Tate
2%
Isabel Poreba
2%
Jordan Garfield
2%
Lonny Collins
2%
Hidetoshi Hasagawa
1%
Hunter Raymond
1%
Madge Madsen
1%
Troy Underbridge
1%
No matching quizzes found
Score Distribution
Percent of People with Each Score
Percentile by Number Answered
Your Score History
You have not taken this quiz